书目信息 |
| 题名: |
雍正皇帝
|
|
| 作者: | 刘潇瑛 著 ;郑颂明 插图绘画 | |
| 分册: | ||
| 出版信息: | 延吉 延边大学出版社 2002 |
|
| 页数: | 257页 | |
| 开本: | 21cm | |
| 丛书名: | ||
| 单 册: | ||
| 中图分类: | K827 , K827=49 | |
| 科图分类: | ||
| 主题词: | 传记小说--中国--现代 , CT--S098162--传记小说 , 人物--传记--中国 | |
| 电子资源: | ||
| ISBN: | 7-5634-1587-4 | |
| 000 | 00984nam2 2200337 45 | |
| 001 | 073000000456 | |
| 005 | 20090925091018.57 | |
| 010 | @a7-5634-1587-4@dCNY20.00 | |
| 035 | @a(011001)c2002032884 | |
| 100 | @a20040126d em y0chiy0110 ea | |
| 101 | 0 | @achi |
| 102 | @aCN@b220000 | |
| 105 | @aa z 000ad | |
| 200 | 1 | @a雍正皇帝@Ayong zheng huang di@f刘潇瑛著@g郑颂明插图绘画 |
| 210 | @a延吉@c延边大学出版社@d2002 | |
| 215 | @a257页@c图@d21cm | |
| 300 | @a中国古代皇帝故事 | |
| 461 | 0 | @12001 @a中国古代皇帝故事 |
| 600 | 0 | @a雍正帝@f(1678~1735)@x生平事迹 |
| 600 | 0 | @2CT@3S089882@a雍正帝@f(1678~1735) |
| 606 | 0 | @a传记小说@y中国@z现代 |
| 606 | 0 | @2CT@3S098162@a传记小说 |
| 606 | 0 | @a人物@x传记@x中国 |
| 690 | @aK827@v4 | |
| 690 | @aK827=49@v4 | |
| 701 | 0 | @a刘潇瑛@Aliu xiao ying@4著 |
| 702 | 0 | @a郑颂明@Azheng song ming@4插图绘画 |
| 801 | 0 | @aCN@bNLC@c20090925 |
| 801 | 2 | @aCN@bHX@c20040126 |
| 905 | @aBZT@dK827@e133 | |
| 906 | @dCNY20.00@n0@r1 | |
| 雍正皇帝/刘潇瑛著/郑颂明插图绘画.-延吉:延边大学出版社,2002 |
| 257页:图;21cm |
| 中国古代皇帝故事 |
| ISBN 7-5634-1587-4:CNY20.00 |
| ● |
| 相关链接 |
|
|
|
正题名:雍正皇帝
索取号:K827/133
 
预约/预借
| 序号 | 登录号 | 条形码 | 馆藏地/架位号 | 状态 | 备注 |
| 1 | 407376 | 210372782 | 中心书库南/018架B面6层7列/ [索取号:K827/133] | 在馆 | |
| 2 | 407377 | 210372755 | 中心书库南/018架B面6层7列/ [索取号:K827/133] | 在馆 | |
| 3 | 407378 | 210372764 | 中心书库南/018架B面6层7列/ [索取号:K827/133] | 在馆 | |
| 4 | 407379 | 210372746 | 中心书库南/018架B面6层7列/ [索取号:K827/133] | 在馆 | |
| 5 | 407380 | 210372719 | 中心书库南/018架B面6层7列/ [索取号:K827/133] | 在馆 | |
| 6 | 407381 | 210372737 | 中心书库南/018架B面6层7列/ [索取号:K827/133] | 在馆 | |
| 7 | 407382 | 210372728 | 中心书库南/018架B面6层7列/ [索取号:K827/133] | 在馆 | |
| 8 | 407383 | 210372693 | 中心书库南/018架B面6层7列/ [索取号:K827/133] | 在馆 | |
| 9 | 407384 | 210372700 | 中心书库南/018架B面6层7列/ [索取号:K827/133] | 在馆 |